| 000 | 01994nam a2200325 i 4500 | ||
|---|---|---|---|
| 003 | vecauma | ||
| 005 | 20260414124312.0 | ||
| 007 | ta | ||
| 008 | 260410t1997 mx |||||r|||| 00| 0 spa d | ||
| 020 | _a9701700457 | ||
| 040 |
_avecauma _bspa _cvecauma _dvecauma _erda |
||
| 041 | 1 |
_aspa _heng |
|
| 099 |
_aQA76.64 _bM3 _c1997 |
||
| 100 | 1 |
_aMartin, James, _d1933-2013 _eautor _913545 |
|
| 245 | 1 |
_aMétodos orientados a objetos : _bconceptos fundamentales _c/ James Martin, James J. Odell ; traducción, Óscar Alfredo Palmas Velasco ; revisión técnica, Guillermo Levine Gutiérrez. |
|
| 264 | 1 |
_aMéxico, D.F. : _bPrentice Hall, _c1997. |
|
| 264 | 4 | _c©1997. | |
| 300 | _a412 páginas. | ||
| 336 |
_atexto _btxt _2rdacontenido |
||
| 337 |
_ano mediado _bn _2rdamedio |
||
| 338 |
_avolumen _bnc _2rdasoporte |
||
| 500 | _aIncluye índice. | ||
| 505 | 0 | _aLa base de la OO : la estructura objeto. -- Fundamentos de la OO : comportamiento del objeto. -- Nivel ampliado de los fundamentos de la OO. -- Representación de construcciones de AOO. -- Diseño e implementación. – Apéndices. | |
| 520 | 3 | _aLa metodología orientada a objetos que se presenta en este libro no es un procedimiento que modela la realidad sino la forma en que las personas la comprenden y procesan. A diferencia de otros libros, los fundamentos presentados aquí están formados por las ideas centrales del pensamiento humano. James Martin y James J. Odell demuestran cómo elaborar y utilizar estos fundamentos para comunicarse y comprender nuestro mundo. Además, muestran a los lectores como utilizarlos para generar una implementación. Al presentar un concepto básico y formal que soporta prácticamente cualquier metodología al desarrollo de los sistemas. | |
| 534 |
_pTítulo original: _tObject-oriented methods : a foundation |
||
| 650 | 1 | 0 |
_913988 _aDISEÑO ORIENTADO A OBJETOS |
| 700 | 1 |
_913989 _aOdell, James J., _d1946- _eautor |
|
| 942 | 1 |
_2lcc _n0 _cBK |
|
| 999 |
_c13342 _d13342 |
||